Színház a másik oldalról, szakmai beszámoló a gyakorlati félévről

Bibliográfiai részletek
Szerző: Németh Jennifer
További közreműködők: Surányi Dr. András
Dokumentumtípus: Záródolgozat
Kulcsszavak:Színház
Marketing
Online Access:http://dolgozattar.uni-bge.hu/5153

MARC

LEADER 00000nta a2200000 i 4500
001 dolg5153
005 20160429113449.0
008 160429suuuu hu o 000 hun d
040 |a BGE Dolgozattár Repozitórium  |b hun 
041 |a hu 
100 1 |a Németh Jennifer 
245 1 0 |a Színház a másik oldalról, szakmai beszámoló a gyakorlati félévről  |c Németh Jennifer  |h [elektronikus dokumentum] 
516 |a Final_paper 
695 |a Színház 
695 |a Marketing  
700 1 |a Surányi Dr. András  |e ths 
856 4 0 |u http://dolgozattar.uni-bge.hu/5153/1/NemethJenni_zarodolgozat.pdf  |z Dokumentum-elérés